000 00890 a2200229 4500
005 20080828142432.0
008 080828t xxu||||| |||| 00| 0 eng d
010 _aENG-87371
020 _a818632190X
_c200.00
035 _aEN-70904
037 _bD.B.Act / Pub
082 _a621.38
100 _aJain, K. C.
245 _aElectrical and electronics engineering
_cby K. C. Jain, and S. L. Surana
250 _a2nd ed.
260 _aNew Delhi
_bJain Brothers
_c2006
270 _a16/873, East Park Road, Karol Bagh
_bNew Delhi
_e110005
_k011-23618426, 011-23619023
_mjain_bros@hotmail.com
300 _axviii, 450 p.
_c24 cm. (Pbk)
700 _aSurana, S. L.
942 _adpl
_cEN
_k621.38 / JAI
_2ddc
_h621.38
_mJAI
999 _c6367
_d6367